000 00330nam a2200145Ia 4500
005 20251222144914.0
008 251222s9999||||xx |||||||||||||| ||spa||
020 _a84-8239-061-9
082 _a233.12/J81
100 _aJuan Pablo II, Papa
245 0 _aVarĂ³n y Mujer:
250 _a4a.ed.
264 _bPalabra
942 _cLIB
999 _c22465
_d22465